Joseph Andrews /

Bibliographic Details
Main Author: Fielding, Henry, 1707-1754
Other Authors: Battestin, Martin C.
Format: Book
Language:English
Published: Middletown, Conn. : Wesleyan University Press, 1967.
Edition:1st American ed.
Series:Fielding, Henry, 1707-1754. Works. 1967.

MARC

Tag First Indicator Second Indicator Subfields
LEADER 00000cam a2200000 4500
001 in00000022232
005 20151007063919.0
008 740307s1967 ctuh b 000 1 eng u
010 |a  66023927  
035 |a (OCoLC)00824582 
035 |9 AAD8581AM 
040 |c TFW  |d TXA  |d UtOrBLW 
049 |a TXAM  |c [471067] 
050 0 |a PZ3.F46  |b Jp4 
090 |a PR3454  |b J65 1967 
092 |a 823  |b F459j 
100 1 |a Fielding, Henry,  |d 1707-1754. 
245 1 0 |a Joseph Andrews /  |c Henry Fielding ; edited by Martin C. Battestin. 
250 |a 1st American ed. 
264 1 |a Middletown, Conn. :  |b Wesleyan University Press,  |c 1967. 
300 |a xlvii, 389p :  |b facsimiles ;  |c 25cm. 
336 |a text  |b txt  |2 rdacontent 
337 |a unmediated  |b n  |2 rdamedia 
338 |a volume  |b nc  |2 rdacarrier 
490 1 |a Wesleyan edition of the works of Henry Fielding 
504 |a Bibliographical footnotes. 
700 1 |a Battestin, Martin C. 
800 1 |a Fielding, Henry,  |d 1707-1754.  |t Works.  |f 1967. 
999 |a MARS 
999 f f |s 74b60f90-8612-3063-83c2-617f44e07c78  |i c3c1045d-5c3b-33e1-952d-a1cd9c912dd2  |t 0 
952 f f |p normal  |a Texas A&M University  |b College Station  |c Sterling C. Evans Library  |d Evans: Library Stacks  |t 0  |e PR3454 J65 1967  |h Library of Congress classification  |i unmediated -- volume  |m A14801317889 
998 f f |a PR3454 J65 1967  |t 0  |l Evans: Library Stacks